• 首页
  • 本馆介绍
  • 公告通知
  • 最新文献
  • 馆藏检索
  • 电子资源
  • 读者导购
  • 参考咨询
  • 我的图书馆
  • 登录
  • 详细信息显示
  • 放入我的书架
  • 预约/预借图书
  • 作者相关作品
  • 分类相关作品
  • 丛书相关作品
  • 出版社相关作品

书目信息

  • 表格格式
  • 工作单格式
  • 卡片格式
题名:
概率统计及应用
    
 
作者: 龙松 主编
分册:  
出版信息: 武汉   华中科技大学出版社  2019
页数: 263页
开本: 24cm
丛书名:
单 册:
中图分类: O211-43
科图分类:
主题词: 概率统计--Gai Lv Tong Ji--高等学校--教材
电子资源:
ISBN: 978-7-5680-1811-1
000 01120cam0 2200265 45
001 012001002924
005 20140126090625.0
010    @a978-7-5680-1811-1@dCNY34.80
099    @aCAL 012016112067
100    @a20160901d2016 em y0chiy50 ea
101 0  @achi
102    @aCN@b420000
105    @aak a 000yy
106    @ar
200 1  @a概率统计及应用@AGai Lv Tong Ji Ji Ying Yong@f主编龙松
210    @a武汉@c华中科技大学出版社@d2019
215    @a263页@c图@d24cm
300    @a普通高等院校数学类课程教材
320    @a有书目
330    @a“概率论与数理统计”是高等院校理工、经管等各专业的一门必修基础课,是后续专业课程和现代科学技术的重要理论基础,在自然科学、工程技术以及经济等领域里都有着十分广泛的应用。本书的主要内容有概率论的基本概念、一维随机变量及其分布、二维随机变量及其分布、随机变量的数字特征、大数定律与中心极限定理、样本及其抽样分布、参数估计、假设检验、方差分析和回归分析、Excel软件在概率统计中的应用等。
606 0  @a概率统计@AGai Lv Tong Ji@x高等学校@j教材
690    @aO211-43@v5
701  0 @a龙松@ALong Song@4主编
801  2 @aCN@b北京卓展@c20191020
905    @b1204771-4@dO211-43@e469@f4
    
    概率统计及应用/主编龙松.-武汉:华中科技大学出版社,2019
    263页:图;24cm
    普通高等院校数学类课程教材
    
    ISBN 978-7-5680-1811-1:CNY34.80
    “概率论与数理统计”是高等院校理工、经管等各专业的一门必修基础课,是后续专业课程和现代科学技术的重要理论基础,在自然科学、工程技术以及经济等领域里都有着十分广泛的应用。本书的主要内容有概率论的基本概念、一维随机变量及其分布、二维随机变量及其分布、随机变量的数字特征、大数定律与中心极限定理、样本及其抽样分布、参数估计、假设检验、方差分析和回归分析、Excel软件在概率统计中的应用等。
●
相关链接 在E读中查询图书 在五车中查询图书 在当当中查询图书 在豆瓣中查询图书


正题名:概率统计及应用     索取号:O211-43/469         预约/预借

序号 登录号 条形码 馆藏地/架位号 状态 备注
1 1204771   212047710   第二样本阅览室/ [索取号:O211-43/469] 在馆    
2 1204772   212047729   第三借阅区/ [索取号:O211-43/469] 在馆    
3 1204773   212047738   第三借阅区/ [索取号:O211-43/469] 在馆    
4 1204774   212047747   第三借阅区/ [索取号:O211-43/469] 在馆    
唐山师范学院图书馆 欢迎您!
大连网信软件有限公司© 版权所有